<An> empirical analysis of Stein effects in regional forecasts.
Regionálne ekonomické prognózy. Návrh Steinovej metodológie na modifikovanie zostáv ekonomických prognóz metropolitných oblastí. Príklad štvrťročných prognóz 20 metropolitných štatistických oblastí na Floride - zamestnanosť v r. 1985 a priemerná ročná zamestnanosť 1985-1988.
Guardado en:
| Autor principal: | |
|---|---|
| Otros Autores: | |
| Formato: | Capítulo de libro |
| Lenguaje: | inglés |
| Materias: | |
| Etiquetas: |
Sin Etiquetas, Sea el primero en etiquetar este registro!
|
MARC
| LEADER | 00000naa a2200000 4500 | ||
|---|---|---|---|
| 001 | r008907 | ||
| 005 | 20221130103035.4 | ||
| 041 | 0 | |a eng | |
| 044 | |a AT | ||
| 245 | 1 | 0 | |a <An> empirical analysis of Stein effects in regional forecasts. |c C. Taylor West, H. Theil |
| 520 | |a Regionálne ekonomické prognózy. Návrh Steinovej metodológie na modifikovanie zostáv ekonomických prognóz metropolitných oblastí. Príklad štvrťročných prognóz 20 metropolitných štatistických oblastí na Floride - zamestnanosť v r. 1985 a priemerná ročná zamestnanosť 1985-1988. | ||
| 610 | 2 | 0 | |a prognózy hospodárske |
| 610 | 2 | 0 | |a prognózovanie |
| 610 | 2 | 0 | |a USA |
| 610 | 2 | 0 | |a zamestnanosť |
| 610 | 2 | 0 | |a 1985-1988 |
| 610 | 2 | 0 | |a regióny |
| 610 | 2 | 0 | |a údaje štatistické |
| 610 | 2 | 0 | |a odhad štatistický |
| 610 | 2 | 0 | |a modely ekonometrické |
| 100 | 1 | |a Taylor West, C. | |
| 700 | 1 | |a Theil, H. | |